Les trois dames de la kasbah : conte oriental /
Na minha lista:
| Autor principal: | |
|---|---|
| Outros Autores: | |
| Formato: | Livro |
| Idioma: | francês |
| Assuntos: | |
| Tags: |
Sem tags, seja o primeiro a adicionar uma tag!
|
MARC
| LEADER | 00000nam^a2200000^a^4500 | ||
|---|---|---|---|
| 001 | 000364864 | ||
| 005 | 20250526000000.0 | ||
| 009 | 20260310115628.255 | ||
| 037 | |a Acervo ITESO - Biblioteca | ||
| 041 | |a FRA | ||
| 082 | |a 843. |b LOT | ||
| 100 | |a Loti, Pierre |e (autor) | ||
| 245 | 1 | 4 | |a Les trois dames de la kasbah : |b conte oriental / |c P. Loti ; fotografía de J. Gervais-Courtellemont. |
| 264 | |a París, Francia : |b Calmann-Lévy, |c 1897, c1897 | ||
| 300 | |a 108 p. ; |c 20.0 cm. | ||
| 336 | |a texto |b txt |2 rdacontenido | ||
| 337 | |a sin mediación |b n |2 rdamedio | ||
| 338 | |a volumen |b nc |2 rdasoporte | ||
| 545 | 0 | |a Louis-Marie-Julien Viaud (Rochefort, 1850 - Hendaya, 1923), más conocido por el seudónimo de Pierre Loti, fue uno de los escritores franceses más populares de su época, debido en parte al exotismo de sus escenarios de inspiración oriental. Su vida como marino le permitió conocer lugares que entonces resultaban remotos y exóticos, experiencias que luego se reflejarían en sus obras, de estética claramente romántica y orientalista. Loti fue muy celebrado tanto por sus novelas como por sus libros y descripciones de viajes, entre los que se cuentan Aziyadé, Las bodas de Loti, Peregrino en Angkor, Las desencantadas, La India, Mi hermano Yves, Pescador de Islandia, Madame Crisantemo, La India, Ramuntcho y Turquía agonizante. Fue miembro de la Academia Francesa. | |
| 561 | |a Ex libris de Juan Kaiser | ||
| 561 | |a Ex libris manuscrito de Francisco Gómez y Palomar | ||
| 649 | |a XX | ||
| 650 | |a Mujeres en la Literatura | ||
| 650 | |a Cuentos Franceses | ||
| 650 | |a Literatura Francesa - |y Siglo XIX | ||
| 650 | |a Romanticismo (Literatura) - |z Francia | ||
| 650 | |a Burdeles en la Literatura | ||
| 650 | |a Argelia en la Literatura | ||
| 700 | |a Gervais-Courtellemont, Jules |e (fotógrafo) | ||
| 910 | |a Fondo General | ||
| 920 | |a Impresos - Libros | ||
| 930 | |a Libros Antiguos y Raros | ||
| 940 | |a Literatura | ||
| 905 | |a 108 | ||
| 901 | |a 0500258531 |b IT2 |c LRA |i D74639 |u 20250526 | ||
| 902 | |a https://opac.biblio.iteso.mx/vufind/Record/000364864 | ||